Algorithmic Thinking with Python_2nd Edition (Record no. 38176)

MARC details
000 -LEADER
fixed length control field 00518nam a22001577a 4500
082 ## - DEWEY DECIMAL CLASSIFICATION NUMBER
Classification number 005.133 PYT PRA
100 ## - MAIN ENTRY--AUTHOR NAME
Personal name Prathibha S Nair
100 ## - MAIN ENTRY--AUTHOR NAME
Personal name Vijitha Robinson
100 ## - MAIN ENTRY--AUTHOR NAME
Personal name Kailas Sree Chandran
245 ## - TITLE STATEMENT
Title Algorithmic Thinking with Python_2nd Edition
250 ## - EDITION STATEMENT
Edition statement 2
260 ## - PUBLICATION, DISTRIBUTION, ETC. (IMPRINT)
Name of publisher Sourabhya Technical Publications
Place of publication Trivandrum
Year of publication 2025
300 ## - PHYSICAL DESCRIPTION
Number of Pages Print length ‏ : ‎ 416 pages
Other physical details Item Weight ‏ : ‎ 250 g Dimensions ‏ : ‎ 14 x 21 x 1.5 cm
942 ## - ADDED ENTRY ELEMENTS (KOHA)
Koha item type Text Book
952 ## - LOCATION AND ITEM INFORMATION (KOHA)
Damaged status
Not for loan
952 ## - LOCATION AND ITEM INFORMATION (KOHA)
Damaged status
Not for loan
952 ## - LOCATION AND ITEM INFORMATION (KOHA)
Damaged status
Not for loan
Holdings
Withdrawn status Collection code Permanent Location Current Location Shelving location Date acquired Source of acquisition Cost, normal purchase price Inventory number Full call number Accession Number Price effective from Koha item type
  Computer Science and Engineering VAST Central Library VAST Central Library S-13/CS 10/01/2026 Cosmo Books 330.00 K797 005.133 PYT PRA 38357 03/02/2026 Text Book
  Computer Science and Engineering VAST Central Library VAST Central Library S-13/CS 10/01/2026 Cosmo Books 330.00 K797 005.133 PYT PRA 38358 03/02/2026 Text Book
  Computer Science and Engineering VAST Central Library VAST Central Library S-13/CS 10/01/2026 Cosmo Books 330.00 K797 005.133 PYT PRA 38359 03/02/2026 Text Book